Consultation on Planning Policy Statement 25 (Record no. 104872)

MARC details
000 -LEADER
fixed length control field 01558cam a2200217 4500
001 - CONTROL NUMBER
control field ##L131849
008 - FIXED-LENGTH DATA ELEMENTS--GENERAL INFORMATION
fixed length control field 051213n2005 000 0 eng u
035 ## - SYSTEM CONTROL NUMBER
System control number (Sirsi) u131849
041 0# - LANGUAGE CODE
Language code of text/sound track or separate title eng
050 04 - LIBRARY OF CONGRESS CALL NUMBER
Classification number 711.26 $2 18
110 1# - MAIN ENTRY--CORPORATE NAME
Corporate name or jurisdiction name as entry element United Kingdom
Subordinate unit Office of the Deputy Prime Minister
245 00 - TITLE STATEMENT
Title Consultation on Planning Policy Statement 25
Remainder of title development and flood risk
260 ## - PUBLICATION, DISTRIBUTION, ETC.
Place of publication, distribution, etc. London
Name of publisher, distributor, etc. ODPM
Date of publication, distribution, etc. 2005
520 ## - SUMMARY, ETC.
Summary, etc. This consultation seeks views on the draft Planning Policy Statement 25: " Development and flood risk " (PPS25) and the associated new Flooding Direction as well as changes to the Town and Country Planning (General Development Procedure) Order 1995 to make the Environment Agency a statutory consultee for certain types of development at flood risk. It is intended that PPS 25 together with an accompanying Practice Guide should replace Planning Policy Guidance note 25: "Development and flood risk"published in July 2001. The revision of PPG25 focuses on national policy and on providing clarity on what is required at regional and local levels to deliver sustainable planning for development and flood risk. Responses are required by 26 February 2006.
590 ## - LOCAL NOTE (RLIN)
Local note IKA030106
650 24 - SUBJECT ADDED ENTRY--TOPICAL TERM
Topical term or geographic name entry element PPG25
650 24 - SUBJECT ADDED ENTRY--TOPICAL TERM
Topical term or geographic name entry element PLANNING POLICY STATEMENT 25
690 ## - LOCAL SUBJECT ADDED ENTRY--TOPICAL TERM (OCLC, RLIN)
Topical term or geographic name as entry element ENVIRONMENTAL AND LAND CONSULTANCY-PLANNING AND DEVELOPMENT-PLANNING GUIDANCE
856 40 - ELECTRONIC LOCATION AND ACCESS
Uniform Resource Identifier <a href="https://www.communities.gov.uk/archived/publications/planningandbuilding/consultationplanning3">https://www.communities.gov.uk/archived/publications/planningandbuilding/consultationplanning3</a>
Public note View the consultation free of charge at www.communities.gov.uk...
942 ## - ADDED ENTRY ELEMENTS (KOHA)
Suppress in OPAC 0
Holdings
Withdrawn status Lost status Source of classification or shelving scheme Damaged status Not for loan Home library Current library Shelving location Date acquired Total Checkouts Full call number Barcode Date last seen Copy number Price effective from Koha item type
    Dewey Decimal Classification     Virtual Virtual Online 13/12/2005   ONLINE PUBLICATION 131849-2001 06/08/2019 1 06/08/2019 Book